LEADER 01755nam 2200493 450 001 000005289 005 20050923163837.0 010 $a88-8325-005-2 100 $a20000906d1999----km-y0itay0103----ba 101 0 $aita 102 $aIT 200 1 $aLazzari e giacobini$ecultura popolare e rivoluzione a Napoli nel 1799$fDomenico Scarfoglio 200 1 $a1 $n0008100 210 $a[Napoli]$cL'ancora$dc1999 215 $a206 p.$d21 cm 225 1 $a<> alberi$v4 606 $aRepubblica partenopea. 1799 606 $aPropaganda politica$yNapoli$z1799 676 $a945.7082$v(20. ed.)$9Storia dell'Italia meridionale. Periodo napoleonico, 1799-1815 700 1$aScarfoglio,$bDomenico$0439534 801 b$bUniversità della Basilicata - B.I.A.$gRICA$2unimarc 912 $a000005289 996 $aLazzari e giacobini$974579 997 $aUNIBAS BAS $aMONLET BAS $aMONOGR BAS $aLETTERE CAT $aFRAN$b20$c20000906$lBAS01$h1525 CAT $aFRAN$b20$c20000906$lBAS01$h1525 CAT $aCLAPS$b01$c20000906$lBAS01$h1617 CAT $c20000920$lBAS01$h1833 CAT $aTROMBONE$b20$c20001005$lBAS01$h1142 CAT $aTROMBONE$b20$c20001005$lBAS01$h1327 CAT $aTROMBONE$b20$c20001009$lBAS01$h1127 CAT $c20001010$lBAS01$h1636 CAT $c20050601$lBAS01$h1753 CAT $abatch$b01$c20050718$lBAS01$h1048 CAT $c20050718$lBAS01$h1107 CAT $c20050718$lBAS01$h1137 CAT $c20050718$lBAS01$h1152 CAT $aCORSO$b30$c20050923$lBAS01$h1638 CAT $aBATCH$b00$c20070503$lBAS01$h1736 FMT Z30 -1$lBAS01$LBAS01$mBOOK$1BASA1$APolo Storico-Umanistico$2GEN$BCollezione generale$3FP/96804$696804$5L96804$820001005$f02$FPrestabile Generale LEADER 01872nam 2200385 n 450 001 996385393803316 005 20200824121520.0 035 $a(CKB)1000000000605499 035 $a(EEBO)2240941559 035 $a(UnM)99869745e 035 $a(UnM)99869745 035 $a(EXLCZ)991000000000605499 100 $a19940808d1648 uy | 101 0 $aeng 135 $aurbn||||a|bb| 200 12$aA letter concerning Colonel Monks surprizing the town and castle of Carrickfergus and Belfast, in Ireland; and his taking General Major Monro prisoner$b[electronic resource]$eFor the Honorable, Col: Iohn Moor, a member of the House of Commons 210 $aLondon $cPrinted for Edward Husband, Printer to the Honorable House of Commons$dSeptember 30. 1648 215 $a1 sheet ([1] p.) 300 $aDated and signed at end: From aboard the Swan Frigot in Chester River, 24 September, 1648. Your Honors Servant to command, Robert Clark. 300 $aGiving an account of Col. Monk's movements and saying he has brought over Maj. Gen. Monro in charge of Capt. Browf -- Cf. Steele. 300 $aOrder to print signed: H: Elsynge, Cler. Parl. D. Com. 300 $aReproduction of the original in the British Library. 330 $aeebo-0018 607 $aGreat Britain$xHistory$yCivil War, 1642-1649$xCampaigns$vEarly works to 1800 607 $aIreland$xHistory$y1625-1649$vEarly works to 1800 700 $aClark$b Robert$cCaptain of the Swan frigate.$0419863 712 02$aEngland and Wales.$bParliament.$bHouse of Commons. 801 0$bCu-RivES 801 1$bCu-RivES 801 2$bCStRLIN 801 2$bWaOLN 906 $aBOOK 912 $a996385393803316 996 $aA letter concerning Colonel Monks surprizing the town and castle of Carrickfergus and Belfast, in Ireland; and his taking General Major Monro prisoner$92356403 997 $aUNISA